000 01366nam a22003137a 4500
003 DO-SdBNP
005 20180314113325.0
008 160412b2008 dr||||| |||| 00| 0 spa d
020 _a9789945171211
040 _aBPMSU
_bspa
_cBPMSU
092 _a372.7
_bT771m 8vo. 2008
100 _aTrama, Eduardo
245 _aMatemática básica 8 /
_cEduardo Trama; Luis Blatman
260 _aSanto Domingo :
_bEdiciones SM
_c2008
300 _a208 p. :
_bil. :
_c28 cm
490 _aproyecto saber más
505 _tUnidad 1. : Números reales
_tUnidad 2 . : El lenguaje algebraico
_tUnidad 3 . : Plano cartesiano. Figuras planas
_tUnidad 4 . : Cuerpos. Área de superficies. Polinomios
_tUnidad 5. : Volumen de cuerpos redondos. Teselaciones
_tUnidad 6 . : Esfera ecuaciones e inecuaciones
_tUnidad 7. : Estadística
_tUnidad 8 . : Probalidad. Raíz cuadrada
_tUnidad 9 . : Cálculo de probabilidad
650 _aMATEMÁTICAS
_xENSEÑANZA BÁSICA
650 _aMATEMÁTICAS
_xENSEÑANZA ELEMENTAL
650 _aEDUCACIÓN PRIMARIA
_xREPÚBLICA DOMINICANA
650 4 _aMATEMÁTICAS
_xLIBROS DE TEXTOS
650 _aMATEMÁTICAS
_zESTUDIOS Y EJERCICIOS
700 1 2 _aBlatman, Luis
830 _aProyecto saber más
910 _aValidado. Control de validad MFF
942 _2ddc
_cBK
945 _aRemanejado para la BNPHU / 2018 VM
956 _adaysi garcia
999 _c9707
_d9707